[Event "Tenerife-chT Segunda 1920"]
[Site "Tenerife"]
[Date "2020.03.07"]
[Round "8.3"]
[White "Figueroa Pahissa, Tito Javier"]
[Black "Marquez Rodriguez, Juan Francisco"]
[Result "1-0"]
[WhiteElo "1549"]
[BlackElo "1216"]
[PlyCount "47"]
[EventDate "2019.11.30"]
[EventType "team-tourn"]
[EventRounds "14"]
[EventCountry "ESP"]
[SourceTitle "CBM 195 Extra"]
[Source "ChessBase"]
[SourceDate "2020.05.31"]
[SourceVersion "1"]
[SourceVersionDate "2020.05.31"]
[SourceQuality "1"]
[WhiteTeam "Circulo de Amistad XII Enero II"]
[BlackTeam "La Victoria 94 II"]
[WhiteTeamCountry "ESP"]
[BlackTeamCountry "ESP"]

1. d4 d5 2. Bf4 Nf6 3. e3 Nc6 4. Nc3 Bf5 5. Bd3 Bg4 6. Nf3 e6 7. 0-0 Nh5 8. h3 Nxf4 9. hxg4 Nxd3 10. Qxd3 a6 11. e4 Be7 12. exd5 exd5 13. Qf5 Qd7 14. Qxd7+ Kxd7 15. Nxd5 Nb4 16. Ne5+ Kd8 17. Nxb4 Bxb4 18. Nxf7+ Kd7 19. Nxh8 Rxh8 20. c3 Bd6 21. f4 Rf8 22. f5 h5 23. gxh5 Rh8 24. g4 1-0

[Event "Tenerife-chT Segunda-A 1819"]
[Site "Tenerife"]
[Date "2019.04.06"]
[Round "13.2"]
[White "Figueroa Pahissa, Tito Javier"]
[Black "Diaz Diaz, Andres Zhao"]
[Result "1-0"]
[WhiteElo "1587"]
[BlackElo "1044"]
[PlyCount "31"]
[EventDate "2018.11.24"]
[EventType "team-tourn"]
[EventRounds "14"]
[EventCountry "ESP"]
[SourceTitle "EXT 2021"]
[Source "ChessBase"]
[SourceDate "2020.10.23"]
[SourceVersion "1"]
[SourceVersionDate "2020.10.23"]
[SourceQuality "1"]
[WhiteTeam "El Recreo"]
[BlackTeam "El Sauzal Libreria Barco"]
[WhiteTeamCountry "ESP"]
[BlackTeamCountry "ESP"]

1. d4 d5 2. f4 Bf5 3. e3 e6 4. Nf3 Nc6 5. Bd3 Bxd3 6. cxd3 f6 7. Nbd2 e5 8. dxe5 fxe5 9. Nxe5 Nxe5 10. fxe5 Qe7 11. 0-0 Qxe5 12. Nf3 Qh5 13. Qe2 0-0-0 14. a4 h6 15. b4 Nf6 16. Rd1 1-0

[Event "Tenerife-chT Segunda 1718"]
[Site "Tenerife"]
[Date "2018.04.07"]
[Round "14.2"]
[White "Mamani Beltran, Daniel"]
[Black "Figueroa Pahissa, Tito Javier"]
[Result "1-0"]
[WhiteElo "1497"]
[BlackElo "1611"]
[PlyCount "90"]
[EventDate "2017.11.11"]
[EventType "team-tourn"]
[EventRounds "14"]
[EventCountry "ESP"]
[SourceTitle "EXT 2019"]
[Source "ChessBase"]
[SourceDate "2018.10.10"]
[SourceVersion "1"]
[SourceVersionDate "2018.10.10"]
[SourceQuality "1"]
[WhiteTeam "Fundacion La Caja de Canarias"]
[BlackTeam "La Victoria 94 "]
[WhiteTeamCountry "ESP"]
[BlackTeamCountry "ESP"]

1. d4 Nf6 2. Nf3 g6 3. g3 Bg7 4. Bg2 d6 5. 0-0 0-0 6. c4 c6 7. Nbd2 Bf5 8. b3 d5 9. Bb2 Ne4 10. Re1 Bh6 11. e3 Qc8 12. Nh4 Nxd2 13. Nxf5 Qxf5 14. Qxd2 Nd7 15. Ba3 Rfe8 16. h3 e6 17. f4 Qf6 18. h4 Bf8 19. Bxf8 Nxf8 20. Qf2 h5 21. Bf3 Qd8 22. g4 hxg4 23. Bxg4 f5 24. Bf3 Re7 25. Kh2 Rh7 26. Kh3 Kf7 27. Rg1 Nd7 28. Rg5 Qf6 29. Rh1 Rah8 30. Kg3 Nf8 31. h5 gxh5 32. Rhxh5 Rxh5 33. Bxh5+ Ke7 34. Qd2 Kd8 35. Qa5+ Kc8 36. Qxa7 Kc7 37. c5 Qh6 38. Qa5+ Kd7 39. Qb6 Kc8 40. Qa7 Kc7 41. Qa8 e5 42. Qe8 Ne6 43. Qf7+ Kb8 44. Rg8+ Rxg8+ 45. Qxg8+ Ka7 1-0

[Event "Tenerife-chT Segunda 1718"]
[Site "Tenerife"]
[Date "2018.03.03"]
[Round "11.1"]
[White "Riverol Plasencia, Jorge"]
[Black "Figueroa Pahissa, Tito Javier"]
[Result "1/2-1/2"]
[WhiteElo "1659"]
[BlackElo "1611"]
[PlyCount "107"]
[EventDate "2017.11.11"]
[EventType "team-tourn"]
[EventRounds "14"]
[EventCountry "ESP"]
[SourceTitle "EXT 2019"]
[Source "ChessBase"]
[SourceDate "2018.10.10"]
[SourceVersion "1"]
[SourceVersionDate "2018.10.10"]
[SourceQuality "1"]
[WhiteTeam "Circulo de Amistad XII Enero"]
[BlackTeam "La Victoria 94 "]
[WhiteTeamCountry "ESP"]
[BlackTeamCountry "ESP"]

1. e4 e5 2. Nf3 d6 3. Bc4 Be7 4. 0-0 Nf6 5. d3 0-0 6. h3 b6 7. c3 Bb7 8. Bb3 c5 9. Bg5 h6 10. Bh4 Nc6 11. Nbd2 b5 12. Bc2 a5 13. Re1 Re8 14. Nf1 Nd7 15. Bxe7 Nxe7 16. Ne3 Nf6 17. Nh4 g6 18. Ng4 Nxg4 19. Qxg4 Bc8 20. Qg3 Kh7 21. f4 exf4 22. Qxf4 Be6 23. Qf3 Nc6 24. Qf2 Kg7 25. Rf1 Qg5 26. Kh1 Rf8 27. d4 cxd4 28. cxd4 d5 29. e5 Rac8 30. Bd3 b4 31. a3 f5 32. exf6+ Rxf6 33. Qxf6+ Qxf6 34. Rxf6 Kxf6 35. Nf3 Bf5 36. Ba6 Re8 37. Bb5 Re6 38. Rc1 Na7 39. Bd7 Re7 40. Bxf5 Kxf5 41. Rc5 Ke4 42. Rxa5 Nc6 43. Rb5 bxa3 44. bxa3 Ra7 45. Rb6 Ne7 46. a4 Nf5 47. Rxg6 Rxa4 48. Re6+ Kf4 49. Rg6 Nxd4 50. Nxd4 Rxd4 51. Rxh6 Kg3 52. Rg6+ Kf2 53. Rf6+ Kg3 54. Rg6+ 1/2-1/2

[Event "Santa Cruz de Tenerife Autumn op"]
[Site "Santa Cruz de Tenerife"]
[Date "2017.10.23"]
[Round "7"]
[White "Figueroa Pahissa, Tito Javier"]
[Black "Rodriguez Redondo, Adhara"]
[Result "0-1"]
[WhiteElo "1611"]
[BlackElo "1858"]
[PlyCount "132"]
[EventDate "2017.10.09"]
[EventType "swiss"]
[EventRounds "9"]
[EventCountry "ESP"]
[SourceTitle "CBM 181 Extra"]
[Source "ChessBase"]
[SourceDate "2017.12.12"]
[SourceVersion "1"]
[SourceVersionDate "2017.12.12"]
[SourceQuality "1"]

1. d4 d5 2. Nf3 c5 3. Bf4 e6 4. e3 Nc6 5. Be2 Bd6 6. Bxd6 Qxd6 7. 0-0 Nf6 8. Nbd2 0-0 9. c3 e5 10. dxe5 Nxe5 11. Nxe5 Qxe5 12. Nf3 Qc7 13. c4 Rd8 14. cxd5 Rxd5 15. Qb3 Bg4 16. Rfd1 Rxd1+ 17. Rxd1 Rc8 18. Qc4 a6 19. a4 h6 20. b3 Be6 21. Qc2 Qe7 22. Bc4 Bg4 23. Be2 Ne4 24. h3 Bh5 25. Kf1 Re8 26. Nd2 Nxf2 27. Bxh5 Nxd1 28. Qxd1 Qf6+ 29. Qf3 Rxe3 30. Qxf6 gxf6 31. Bd1 b5 32. axb5 axb5 33. Be2 b4 34. Bc4 Kg7 35. Kf2 Re5 36. Kf3 f5 37. Kf4 Kf6 38. h4 Re8 39. g3 Re7 40. Bd3 Rd7 41. Ke3 Rd4 42. Bc4 Kg6 43. Bb5 Rg4 44. Kf2 f4 45. h5+ Kg7 46. gxf4 Rxf4+ 47. Ke3 Rh4 48. Be2 f5 49. Bf3 Kf6 50. Nc4 Ke6 51. Na5 Rd4 52. Nb7 f4+ 53. Ke2 c4 54. Nc5+ Ke5 55. bxc4 Rxc4 56. Nd3+ Kd4 57. Kd2 b3 58. Bd1 Rc3 59. Nb2 f3 60. Ke1 Ke3 61. Kf1 Rc1 62. Ke1 f2+ 63. Kf1 Rb1 64. Nc4+ Kd4 65. Nd2 Rxd1+ 66. Ke2 f1Q+ 0-1

[Event "Santa Cruz de Tenerife Verano op"]
[Site "Santa Cruz de Tenerife"]
[Date "2017.08.23"]
[Round "7"]
[White "Figueroa Pahissa, Tito Javier"]
[Black "Mendez Acosta, Alexander Jesus"]
[Result "0-1"]
[WhiteElo "1589"]
[BlackElo "1996"]
[PlyCount "92"]
[EventDate "2017.08.02"]
[EventType "swiss"]
[EventRounds "9"]
[EventCountry "ESP"]
[SourceTitle "EXT 2018"]
[Source "ChessBase"]
[SourceDate "2017.10.13"]
[SourceVersion "1"]
[SourceVersionDate "2017.10.13"]
[SourceQuality "1"]

1. d4 Nf6 2. Bf4 g6 3. Nf3 Bg7 4. e3 0-0 5. Be2 d6 6. 0-0 c5 7. c3 Nh5 8. Bg5 h6 9. Bh4 g5 10. Nfd2 Nf6 11. Bg3 Nc6 12. dxc5 d5 13. Nf3 Ne4 14. Nbd2 Nxc5 15. Qc2 e5 16. Rad1 Qf6 17. b4 Bf5 18. Qb2 Nd3 19. Qb3 h5 20. h4 g4 21. Ng5 e4 22. Qxd5 Rad8 23. Qb5 a6 24. Qxb7 Rd7 25. Qb6 Qg6 26. Ndxe4 Bxe4 27. Nxe4 Qxe4 28. Bxd3 Rxd3 29. Rxd3 Qxd3 30. Qxc6 Bxc3 31. Qh6 Rd8 32. Qxh5 Qxf1+ 33. Kxf1 Rd1+ 34. Ke2 Rd2+ 35. Ke1 Rd5+ 36. Ke2 Rxh5 37. a3 Rd5 38. e4 Rd2+ 39. Ke3 Ra2 40. Kf4 Rxa3 41. Kxg4 Bxb4 42. Be5 Be1 43. f3 a5 44. h5 Ra2 45. g3 Rg2 46. Kh3 Rxg3+ 0-1

[Event "Canarias-chT"]
[Site "San Cristobal de La Laguna"]
[Date "2017.06.23"]
[Round "3.3"]
[White "Gonzalez Garcia, Zoilo"]
[Black "Figueroa Pahissa, Tito Javier"]
[Result "1-0"]
[WhiteElo "1963"]
[BlackElo "1594"]
[PlyCount "59"]
[EventDate "2017.06.22"]
[EventType "team-swiss"]
[EventRounds "6"]
[EventCountry "ESP"]
[SourceTitle "EXT 2024"]
[Source "ChessBase"]
[SourceDate "2023.10.10"]
[SourceVersion "1"]
[SourceVersionDate "2023.10.10"]
[SourceQuality "1"]
[WhiteTeam "El Sauzal"]
[BlackTeam "Ebano Casa Venezuela II"]
[WhiteTeamCountry "ESP"]
[BlackTeamCountry "ESP"]

1. e4 d6 2. d4 Nf6 3. Nc3 g6 4. Nf3 Bg7 5. Be2 0-0 6. 0-0 c6 7. a4 b6 8. h3 Bb7 9. Be3 Nbd7 10. Qd2 a6 11. Bh6 e5 12. Bxg7 Kxg7 13. Rfd1 Qc7 14. b4 c5 15. bxc5 Nxe4 16. Nxe4 Bxe4 17. cxd6 Qxc2 18. dxe5 Rfc8 19. Rdc1 Qb3 20. Qf4 Bb7 21. Nd4 Rxc1+ 22. Rxc1 Qb2 23. Rc7 Bc8 24. Bf3 Rb8 25. Nc6 Rb7 26. Rxc8 Nc5 27. Ne7 Rxe7 28. dxe7 Nd3 29. Qf6+ Kh6 30. Qh4+ 1-0

[Event "Santa Cruz de Tenerife Trophy"]
[Site "Santa Cruz de Tenerife"]
[Date "2017.04.27"]
[Round "7"]
[White "Hernandez Leon, Alberto"]
[Black "Figueroa Pahissa, Tito Javier"]
[Result "1-0"]
[WhiteElo "2282"]
[BlackElo "1618"]
[PlyCount "42"]
[EventDate "2017.03.09"]
[EventType "swiss"]
[EventRounds "9"]
[EventCountry "ESP"]
[SourceTitle "EXT 2018"]
[Source "ChessBase"]
[SourceDate "2017.10.13"]
[SourceVersion "1"]
[SourceVersionDate "2017.10.13"]
[SourceQuality "1"]

1. d4 Nf6 2. Nf3 g6 3. c4 Bg7 4. Nc3 d6 5. e4 0-0 6. Be2 e5 7. Be3 c6 8. 0-0 exd4 9. Bxd4 Re8 10. Qc2 Qc7 11. Rfe1 c5 12. Nd5 Nxd5 13. Bxg7 Kxg7 14. exd5 Bg4 15. Bd3 Qd8 16. Qc3+ Kg8 17. Ng5 Rxe1+ 18. Rxe1 Na6 19. Ne4 h5 20. Nf6+ Kf8 21. Nxg4 hxg4 1-0

[Event "Tenerife-chT Primera 1617"]
[Site "Tenerife"]
[Date "2017.03.18"]
[Round "9.4"]
[White "Sanchez Martin, Jacobo"]
[Black "Figueroa Pahissa, Tito Javier"]
[Result "1-0"]
[WhiteElo "1773"]
[BlackElo "1603"]
[PlyCount "111"]
[EventDate "2016.12.10"]
[EventType "team-tourn"]
[EventRounds "14"]
[EventCountry "ESP"]
[SourceTitle "EXT 2018"]
[Source "ChessBase"]
[SourceDate "2017.10.13"]
[SourceVersion "1"]
[SourceVersionDate "2017.10.13"]
[SourceQuality "1"]
[WhiteTeam "Universidad"]
[BlackTeam "Casa de Venezuela Ebano II"]
[WhiteTeamCountry "ESP"]
[BlackTeamCountry "ESP"]

1. e4 d6 2. d4 Nf6 3. Bd3 g6 4. Nf3 Bg7 5. 0-0 0-0 6. c3 c5 7. dxc5 dxc5 8. Qc2 Qc7 9. h3 Nbd7 10. Bg5 b6 11. Nbd2 Bb7 12. Rfe1 e5 13. Rad1 a6 14. a4 Nh5 15. Nc4 b5 16. axb5 axb5 17. Na3 c4 18. Bf1 Bc6 19. Qd2 Nhf6 20. Qd6 Qb7 21. Nxe5 Nxe5 22. Bxf6 Bxf6 23. Qxf6 Nd7 24. Qf4 Rfe8 25. f3 Qb6+ 26. Kh1 Rad8 27. Re2 Nc5 28. Red2 Ne6 29. Qf6 Rxd2 30. Rxd2 Rd8 31. Rxd8+ Qxd8 32. Qxd8+ Nxd8 33. g3 Ne6 34. Nc2 f5 35. Bg2 fxe4 36. fxe4 Nc5 37. e5 Bxg2+ 38. Kxg2 Nd3 39. Nd4 Nxe5 40. Nxb5 Nd3 41. Nd6 Nxb2 42. Kf3 Na4 43. Ne4 Nb2 44. Ke3 Kf7 45. Kd4 Ke6 46. Ng5+ Kf5 47. Nxh7 Nd1 48. Kxc4 Nxc3 49. Kxc3 Ke4 50. Kd2 Kf3 51. g4 Kg3 52. Ke3 Kxh3 53. Kf4 Kh4 54. g5 Kh5 55. Ke5 Kg4 56. Kf6 1-0

[Event "Santa Cruz de Tenerife Autumn op"]
[Site "Santa Cruz de Tenerife"]
[Date "2016.10.21"]
[Round "3"]
[White "Gil Ojeda, Jorge"]
[Black "Figueroa Pahissa, Tito Javier"]
[Result "0-1"]
[WhiteElo "1859"]
[BlackElo "1593"]
[PlyCount "110"]
[EventDate "2016.10.17"]
[EventType "swiss"]
[EventRounds "9"]
[EventCountry "ESP"]
[SourceTitle "CBM 175 Extra"]
[Source "ChessBase"]
[SourceDate "2016.12.12"]
[SourceVersion "1"]
[SourceVersionDate "2016.12.12"]
[SourceQuality "1"]

1. e4 d6 2. d4 Nf6 3. Nc3 e6 4. Nf3 Be7 5. Be2 0-0 6. 0-0 h6 7. h3 c5 8. Be3 cxd4 9. Nxd4 Nc6 10. Qd2 Nxd4 11. Bxd4 e5 12. Be3 Bd7 13. Kh1 Bc6 14. Bd3 d5 15. exd5 Nxd5 16. Nxd5 Qxd5 17. f3 Qe6 18. Qf2 b6 19. Rfe1 f5 20. Bd4 e4 21. Qg3 Bf6 22. Bxf6 Rxf6 23. fxe4 fxe4 24. Qh4 Re8 25. Re3 Qf7 26. Rae1 exd3 27. Rxe8+ Bxe8 28. cxd3 Rf1+ 29. Rxf1 Qxf1+ 30. Kh2 Qxd3 31. Qe7 Qd7 32. Qe5 Bf7 33. a3 Qb7 34. Qd6 Bd5 35. Qg3 a5 36. Qf2 b5 37. Qd2 a4 38. Qe2 Bc4 39. Qf2 Qf7 40. Qd2 Qd5 41. Qf2 Qe4 42. Qd2 Qe2 43. Qd4 Qc2 44. Kg1 Qb1+ 45. Kh2 Qf1 46. Qd2 Qe2 47. Qd4 Bd3 48. Qd5+ Kh7 49. Qd4 Be4 50. Kg3 Qxg2+ 51. Kf4 Qf3+ 52. Ke5 Qf5+ 53. Kd6 Qf6+ 54. Qxf6 gxf6 55. Kc5 Bd3 0-1

[Event "Santa Cruz de Tenerife op"]
[Site "Santa Cruz de Tenerife"]
[Date "2016.08.23"]
[Round "7"]
[White "Gil Ojeda, Jorge"]
[Black "Figueroa Pahissa, Tito Javier"]
[Result "1-0"]
[WhiteElo "1860"]
[BlackElo "1589"]
[PlyCount "115"]
[EventDate "2016.08.08"]
[EventType "swiss"]
[EventRounds "9"]
[EventCountry "ESP"]
[SourceTitle "CBM 174 Extra"]
[Source "ChessBase"]
[SourceDate "2016.10.10"]
[SourceVersion "1"]
[SourceVersionDate "2016.10.10"]
[SourceQuality "1"]

1. e4 e5 2. Nf3 Nc6 3. d4 exd4 4. Nxd4 Qh4 5. Nc3 Bb4 6. Be2 Qxe4 7. Ndb5 Bxc3+ 8. bxc3 Kd8 9. 0-0 d6 10. Ba3 Qe7 11. Re1 Be6 12. Bf3 Nf6 13. Nd4 Qd7 14. Rb1 Bg4 15. Rxb7 Bxf3 16. Qxf3 Ne5 17. Qg3 Qg4 18. Qxg4 Nfxg4 19. Nb5 Re8 20. Rd1 Re7 21. Rxa7 Rb8 22. Nd4 Rb6 23. Nf5 Re6 24. Ng3 Nc4 25. h3 Nxa3 26. Rxa3 Ne5 27. Rb3 Ra6 28. Rb8+ Kd7 29. Ne4 Ke7 30. Rb7 Kd8 31. Nc5 Kc8 32. Rxc7+ Kxc7 33. Nxa6+ Kb6 34. Nb4 Kb5 35. Rd5+ Kc4 36. a4 Kxc3 37. Rb5 Kc4 38. Rb7 Re8 39. a5 Ra8 40. a6 Kc5 41. a7 Nc6 42. Nxc6 Kxc6 43. Rxf7 Rg8 44. Rf3 Ra8 45. Ra3 d5 46. f3 Kb5 47. c3 Kb6 48. Kf2 Rxa7 49. Rxa7 Kxa7 50. Ke3 Kb6 51. Kd4 Kc6 52. f4 Kd6 53. g4 g6 54. f5 g5 55. f6 Ke6 56. f7 Kxf7 57. Kxd5 Ke7 58. Ke5 1-0

[Event "Santa Cruz de Tenerife op"]
[Site "Santa Cruz de Tenerife"]
[Date "2016.08.12"]
[Round "5"]
[White "Martinez Rojas, Carlos Jose"]
[Black "Figueroa Pahissa, Tito Javier"]
[Result "1-0"]
[WhiteElo "2062"]
[BlackElo "1589"]
[PlyCount "57"]
[EventDate "2016.08.08"]
[EventType "swiss"]
[EventRounds "9"]
[EventCountry "ESP"]
[SourceTitle "CBM 174 Extra"]
[Source "ChessBase"]
[SourceDate "2016.10.10"]
[SourceVersion "1"]
[SourceVersionDate "2016.10.10"]
[SourceQuality "1"]

1. d4 Nf6 2. e3 d5 3. Bd3 e6 4. Nd2 c5 5. c3 Nc6 6. f4 cxd4 7. exd4 Be7 8. Ngf3 Qc7 9. Ne5 Bd7 10. 0-0 g6 11. Qe2 Rf8 12. Kh1 Ng8 13. Ndf3 f6 14. Nxd7 Qxd7 15. Bd2 a6 16. b4 b5 17. a4 bxa4 18. Rxa4 Nxd4 19. Nxd4 Qxa4 20. b5 Rf7 21. bxa6 Qa3 22. Bb5+ Kd8 23. Nxe6+ Kc8 24. Bd7+ Kxd7 25. Qb5+ Kxe6 26. f5+ Ke5 27. Re1+ Kxf5 28. Qd3+ Kg4 29. Qh3# 1-0

[Event "Santa Cruz CajaCanarias op"]
[Site "Santa Cruz"]
[Date "2016.05.04"]
[Round "3"]
[White "Figueroa Pahissa, Tito Javier"]
[Black "Garcia Lorenzo, Jaime"]
[Result "1-0"]
[WhiteElo "1568"]
[BlackElo "1164"]
[PlyCount "107"]
[EventDate "2016.04.27"]
[EventType "swiss"]
[EventRounds "9"]
[EventCountry "ESP"]
[SourceTitle "CBM 172 Extra"]
[Source "ChessBase"]
[SourceDate "2016.06.21"]
[SourceVersion "1"]
[SourceVersionDate "2016.06.21"]
[SourceQuality "1"]

1. d4 Nf6 2. Bf4 g6 3. Nf3 Bg7 4. e3 d6 5. Be2 0-0 6. c4 Nbd7 7. 0-0 a6 8. Nc3 c5 9. Rc1 Nh5 10. Bg5 h6 11. Bh4 Rb8 12. d5 Nhf6 13. Re1 Re8 14. Qc2 Nf8 15. Bd3 Bg4 16. Nd2 Qd7 17. f3 Bh5 18. Nce4 Nxe4 19. Nxe4 b5 20. g4 Bxg4 21. fxg4 Qxg4+ 22. Bg3 bxc4 23. Qxc4 Qc8 24. b3 a5 25. Rf1 f5 26. Nd2 Rb4 27. Qc2 Rg4 28. Be2 Rb4 29. Nc4 Qa8 30. Be1 Rb7 31. Bf3 Ra7 32. Bc3 Nh7 33. Bxg7 Kxg7 34. Qb2+ Nf6 35. Qg2 Rg8 36. Qb2 Qe8 37. e4 Kh7 38. e5 Nh5 39. exd6 Nf4 40. Qd2 g5 41. Rce1 Rg7 42. Ne5 g4 43. Qxf4 gxf3+ 44. Kf2 Qh5 45. Rg1 exd6 46. Nxf3 Rad7 47. Rxg7+ Kxg7 48. Re6 Rd8 49. Rxd6 Re8 50. Rd7+ Kh8 51. Qg3 Qg4 52. d6 h5 53. Re7 h4 54. Rxe8+ 1-0

[Event "Tenerife-chT Primera 1516"]
[Site "Tenerife"]
[Date "2016.04.09"]
[Round "12.4"]
[White "Figueroa Pahissa, Tito Javier"]
[Black "Mansino Febles, Eusebio Valentin"]
[Result "1-0"]
[WhiteElo "1509"]
[BlackElo "1594"]
[PlyCount "62"]
[EventDate "2015.12.12"]
[EventType "team-tourn"]
[EventRounds "14"]
[EventCountry "ESP"]
[SourceTitle "EXT 2017"]
[Source "ChessBase"]
[SourceDate "2016.10.25"]
[SourceVersion "1"]
[SourceVersionDate "2016.10.25"]
[SourceQuality "1"]
[WhiteTeam "Universidad II"]
[BlackTeam "La Victoria 94"]
[WhiteTeamCountry "ESP"]
[BlackTeamCountry "ESP"]

1. d4 Nf6 2. Nf3 g6 3. Bf4 Bg7 4. e3 d6 5. Be2 b6 6. 0-0 Nbd7 7. c4 c5 8. Nc3 Bb7 9. d5 Nh5 10. Bg5 h6 11. Bh4 g5 12. Nd2 Nhf6 13. Bg3 h5 14. h4 g4 15. Qc2 Nf8 16. Nde4 N6h7 17. Bd3 Ng6 18. f4 Qd7 19. Ng5 Nhf8 20. Bf5 Qc7 21. Qa4+ Nd7 22. Bxg6 Bxc3 23. Bxf7+ Kf8 24. Ne6+ Kxf7 25. Nxc7 Nf6 26. bxc3 Ne4 27. Be1 Rac8 28. Qd7 Nf6 29. Qe6+ Kf8 30. Nb5 a6 31. Nxd6 exd6 1-0

[Event "Tenerife-ch"]
[Site "Santa Cruz de Tenerife"]
[Date "2016.04.04"]
[Round "2.18"]
[White "Figueroa Pahissa, Tito Javier"]
[Black "Dos Reis Cabrera, Jose Manuel"]
[Result "1-0"]
[WhiteElo "1568"]
[BlackElo "1167"]
[PlyCount "69"]
[EventDate "2016.04.01"]
[EventType "swiss"]
[EventRounds "9"]
[EventCountry "ESP"]
[SourceTitle "EXT 2024"]
[Source "ChessBase"]
[SourceDate "2023.10.10"]
[SourceVersion "1"]
[SourceVersionDate "2023.10.10"]
[SourceQuality "1"]

1. d4 d5 2. Nf3 Nf6 3. Bf4 Nc6 4. e3 e6 5. Be2 Bb4+ 6. c3 Bd6 7. Bxd6 Qxd6 8. 0-0 0-0 9. Nbd2 Re8 10. c4 Bd7 11. cxd5 exd5 12. Rc1 Bg4 13. Re1 Ne4 14. Nh4 Bxe2 15. Rxe2 Ne7 16. Qc2 Ng6 17. Nxe4 dxe4 18. Nxg6 Qxg6 19. Qxc7 b6 20. Rec2 h5 21. Qf4 Qg4 22. Qxg4 hxg4 23. Rc7 Kf8 24. Rd7 Re7 25. Rcc7 Rxd7 26. Rxd7 Rc8 27. g3 Rc2 28. Rxa7 Rxb2 29. a4 f5 30. a5 bxa5 31. Rxa5 Rb7 32. Kg2 g6 33. h4 gxh3+ 34. Kxh3 Rh7+ 35. Kg2 1-0

[Event "Tenerife-chT Segunda 1516"]
[Site "Tenerife"]
[Date "2016.03.12"]
[Round "10.1"]
[White "Diaz Reyes, Franklin"]
[Black "Figueroa Pahissa, Tito Javier"]
[Result "1/2-1/2"]
[WhiteElo "1245"]
[BlackElo "1509"]
[PlyCount "85"]
[EventDate "2015.12.12"]
[EventType "team-tourn"]
[EventRounds "15"]
[EventCountry "ESP"]
[SourceTitle "EXT 2017"]
[Source "ChessBase"]
[SourceDate "2016.10.25"]
[SourceVersion "1"]
[SourceVersionDate "2016.10.25"]
[SourceQuality "1"]
[WhiteTeam "Achinet Gambito de Rey III"]
[BlackTeam "Universidad III"]
[WhiteTeamCountry "ESP"]
[BlackTeamCountry "ESP"]

1. e4 e5 2. Nf3 Nc6 3. d4 exd4 4. Nxd4 d6 5. Nc3 Be7 6. Bc4 Nxd4 7. Qxd4 Bf6 8. Qd3 Ne7 9. 0-0 0-0 10. Bd2 Be6 11. Nd5 Nxd5 12. Bxd5 c6 13. Bxe6 fxe6 14. Qb3 Qe7 15. Rad1 Rf7 16. Bc3 Bxc3 17. Qxc3 d5 18. exd5 exd5 19. Rfe1 Qh4 20. Qd4 Rf4 21. Qe3 Re4 22. Qg3 Qxg3 23. hxg3 Rae8 24. Kf1 Kf7 25. Rxe4 Rxe4 26. Re1 Rc4 27. Re2 Rg4 28. c3 Rg6 29. Re3 Re6 30. Ke2 c5 31. Kd3 Rxe3+ 32. Kxe3 Ke6 33. g4 g5 34. g3 b5 35. b4 d4+ 36. cxd4 c4 37. Ke4 Kd6 38. f4 h6 39. d5 Ke7 40. f5 Kd8 41. a3 a6 42. Kd4 Ke7 43. Ke4 1/2-1/2

[Event "Santa Cruz de Tenerife op 26th"]
[Site "Santa Cruz de Tenerife"]
[Date "2015.12.21"]
[Round "5"]
[White "Marrero Martin, Manuel"]
[Black "Figueroa Pahissa, Tito Javier"]
[Result "1-0"]
[WhiteElo "1836"]
[BlackElo "1509"]
[PlyCount "141"]
[EventDate "2015.12.15"]
[EventType "swiss"]
[EventRounds "9"]
[EventCountry "ESP"]
[SourceTitle "CBM 170 Extra"]
[Source "ChessBase"]
[SourceDate "2016.02.25"]
[SourceVersion "1"]
[SourceVersionDate "2016.02.25"]
[SourceQuality "1"]

1. c4 c5 2. g3 g6 3. Bg2 Bg7 4. Nc3 Nc6 5. a3 a5 6. b3 e6 7. Bb2 Nge7 8. e4 0-0 9. Nge2 b6 10. 0-0 Bb7 11. h4 d6 12. h5 Nd4 13. Nxd4 cxd4 14. Nb5 e5 15. d3 Qd7 16. Kh2 Bc8 17. a4 Ba6 18. Rh1 Bxb5 19. axb5 g5 20. Bh3 Qd8 21. h6 Bf6 22. Qh5 Ng6 23. Rhg1 Kh8 24. Bf5 Ra7 25. Bc1 Rg8 26. Bd2 Qe7 27. Ra2 Qd8 28. b4 a4 29. Rga1 Qe7 30. Rxa4 Rxa4 31. Rxa4 Rb8 32. Qg4 Kg8 33. Ra6 Kf8 34. Bxg6 fxg6 35. Kg2 Kf7 36. Qf3 Ke8 37. Qd1 Qc7 38. Qa1 Kd8 39. Ra7 Rb7 40. Ra8+ Rb8 41. Qa6 Rxa8 42. Qxa8+ Qc8 43. Qxc8+ Kxc8 44. Kf3 Kd7 45. Kg4 Bd8 46. Bxg5 Bc7 47. f4 Ke6 48. f5+ Kf7 49. Bc1 Kf6 50. Bg5+ Kf7 51. Kh4 Kg8 52. g4 Kf7 53. Bc1 Bd8+ 54. g5 Bc7 55. Kg4 Bd8 56. Ba3 Be7 57. Bc1 Bd8 58. Kf3 Be7 59. Ke2 Bd8 60. Bd2 Be7 61. Kd1 Bf8 62. Kc2 Be7 63. Kb3 Bd8 64. c5 dxc5 65. bxc5 bxc5 66. Kc4 Bb6 67. Kd5 Ba7 68. Kxe5 gxf5 69. exf5 c4 70. dxc4 d3 71. Kd6 1-0

[Event "Tenerife-chT Primera 1516"]
[Site "Tenerife"]
[Date "2015.12.19"]
[Round "2.2"]
[White "Figueroa Pahissa, Tito Javier"]
[Black "Hernandez Cabrera, Javier"]
[Result "0-1"]
[WhiteElo "1509"]
[BlackElo "1703"]
[PlyCount "58"]
[EventDate "2015.12.12"]
[EventType "team-tourn"]
[EventRounds "14"]
[EventCountry "ESP"]
[SourceTitle "CBM 170 Extra"]
[Source "ChessBase"]
[SourceDate "2016.02.25"]
[SourceVersion "1"]
[SourceVersionDate "2016.02.25"]
[SourceQuality "1"]
[WhiteTeam "Universidad II"]
[BlackTeam "Los Realejos Shah Mat"]
[WhiteTeamCountry "ESP"]
[BlackTeamCountry "ESP"]

1. d4 d5 2. Nf3 Nf6 3. Bf4 c6 4. e3 Bg4 5. Nbd2 e6 6. Be2 Bd6 7. Ne5 Bxe2 8. Qxe2 Qe7 9. 0-0 Nbd7 10. c4 0-0 11. c5 Bxe5 12. dxe5 Ne4 13. Nxe4 dxe4 14. b4 f6 15. exf6 Qxf6 16. Qc4 Qf5 17. Rad1 Nf6 18. Rd6 Nd5 19. h3 Kh8 20. Rd7 e5 21. Rxb7 exf4 22. exf4 Qxf4 23. Qd4 Nf6 24. f3 Rad8 25. Qa1 e3 26. Re1 Rd2 27. Kh1 Qg3 28. Rg1 Nh5 29. Re7 Nf4 0-1

[Event "Tenerife Verano op"]
[Site "Tenerife"]
[Date "2015.08.24"]
[Round "7"]
[White "Figueroa Pahissa, Tito Javier"]
[Black "Gonzalez Moreno, Juan Carlos"]
[Result "0-1"]
[WhiteElo "1471"]
[BlackElo "1707"]
[PlyCount "86"]
[EventDate "2015.08.10"]
[EventType "swiss"]
[EventRounds "9"]
[EventCountry "ESP"]
[SourceTitle "EXT 2016"]
[Source "ChessBase"]
[SourceDate "2015.10.08"]
[SourceVersion "1"]
[SourceVersionDate "2015.10.08"]
[SourceQuality "1"]

1. d4 c5 2. d5 Nf6 3. c4 b5 4. cxb5 a6 5. bxa6 Bxa6 6. Nc3 g6 7. g3 d6 8. Nf3 Bg7 9. Bg2 0-0 10. 0-0 Nbd7 11. Qc2 Qb6 12. Rd1 Ng4 13. Rb1 Bc4 14. Na4 Qa6 15. Nc3 Bxc3 16. Qxc3 Bxe2 17. Re1 Qxa2 18. Bd2 Nge5 19. Nxe5 Nxe5 20. Bh6 Rfb8 21. f4 Rb3 22. Qd2 Bd3 23. fxe5 Bxb1 24. exd6 Rxb2 25. dxe7 Re8 26. Re2 Rxd2 27. Rxd2 Qa5 28. d6 Bf5 29. Bc6 Qa1+ 30. Kg2 f6 31. Bxe8 Qa8+ 32. Kf2 Qxe8 33. Re2 Kf7 34. Bf8 Be6 35. Rb2 Qc8 36. Rb6 Bd7 37. Bh6 g5 38. h4 c4 39. hxg5 Qc5+ 40. Ke2 Qxb6 41. gxf6 Qxd6 42. Bf8 Qe5+ 43. Kd2 c3+ 0-1